Sprit in the rainforest

Bibliographic Details
Main Author: Wilson, Eric
Format: Book
Published: London : Severn House Publishers , 1987
Subjects:

MARC

LEADER 00000cam a2200000 7i4500
001 0000008897
002 000009696
005 .0
020 |a 0727813684 
090 0 0 |a JF   |b WIL 
100 1 |a Wilson, Eric 
245 1 0 |a Sprit in the rainforest   |c Eric Wilson 
260 |a London :   |b Severn House Publishers ,   |c 1987 
300 |a 143p. ;   |c 21cm. 
650 0 0 |a Children's stories 
999 |a 023694   |b BUKU   |c PINJAMAN   |e PERPUSTAKAAN KOMUNITI PETALING JAYA 
999 |a 023695   |b BUKU   |c PINJAMAN   |e PERPUSTAKAAN KOMUNITI PETALING JAYA